| 000 | 00000nam##2200000za#4500 |
| 001 | 9.698307 |
| 003 | CaOODSP |
| 005 | 20240215150447 |
| 007 | cr ||||||||||| |
| 008 | 150407|2011||||xxc|||||o f|0| 0 eng|d |
| 040 | |aCaOODSP|beng |
| 043 | |an-cn--- |
| 086 | 1 |aPS84-27/1-2011E-PDF |
| 110 | 2 |aCorrectional Service Canada. |
| 245 | 10|aReport of the evaluation of CSC's community corrections. Chapter 1 : |h[electronic resource]|bcommunity corrections |
| 260 | |aOttawa - Ontario : |bCorrectional Service Canada |cMarch 2011. |
| 300 | |a149p.|bfigs., references, tables |
| 590 | |a13-18-Supp|b2013-08-01 |
| 690 | 07|aCommunity partnerships|2gcpds |
| 775 | 08|tRapport d'évaluation des services correctionnels communautaires du SCC. Chapitre 1 : |w(CaOODSP)9.642319 |
| 856 | 40|ahttp://publications.gc.ca|qPDF|s1.24 MB|uhttps://publications.gc.ca/collections/collection_2013/scc-csc/PS84-27-1-2011-eng.pdf |
| 986 | |aFile#: 394-02-84 |